Della Forza Della Fantasia Umana Trattato (Record no. 10892)
[ view plain ]
| 000 -CABECERA | |
|---|---|
| campo de control de longitud fija | 01081nam a22002777a 4500 |
| 001 - NÚMERO DE CONTROL | |
| campo de control | BRCA_9273 |
| 003 - IDENTIFICADOR DEL NÚMERO DE CONTROL | |
| campo de control | FranzMayer |
| 005 - FECHA Y HORA DE LA ÚLTIMA TRANSACCIÓN | |
| campo de control | 20230719141422.0 |
| 008 - DATOS DE LONGITUD FIJA--INFORMACIÓN GENERAL | |
| campo de control de longitud fija | 230719b |||||||| |||| 00| 0 eng d |
| 040 ## - FUENTE DE LA CATALOGACIÓN | |
| Centro catalogador/agencia de origen | MFM |
| Lengua de catalogación | esp |
| Centro/agencia transcriptor | MFM |
| 050 #4 - SIGNATURA TOPOGRÁFICA DE LA BIBLIOTECA DEL CONGRESO | |
| Número de clasificación | LE54 |
| Número de documento/Ítem | M87 1753 |
| 082 ## - NÚMERO DE LA CLASIFICACIÓN DECIMAL DEWEY | |
| Número de edición | BF408 |
| 100 1# - ENTRADA PRINCIPAL--NOMBRE DE PERSONA | |
| Código de función/relación | Autor |
| Nombre de persona | Muratori, Lodovico Antonio |
| 9 (RLIN) | 28872 |
| 240 1# - TÍTULO UNIFORME | |
| Título uniforme | Della Forza Della Fantasia Umana Trattato |
| Lenguaje de la obra | italiano |
| 245 0# - MENCIÓN DE TÍTULO | |
| Título | Della Forza Della Fantasia Umana Trattato |
| 250 ## - MENCIÓN DE EDICIÓN | |
| Mención de edición | Segunda edición |
| Resto de la mención de edición | Edizione seconda |
| 260 ## - PUBLICACIÓN, DISTRIBUCIÓN, ETC. | |
| Lugar de publicación, distribución, etc. | Venecia, Italia |
| Nombre del editor, distribuidor, etc. | Giambatista Pasquali |
| Fecha de publicación, distribución, etc. | 173 |
| 300 ## - DESCRIPCIÓN FÍSICA | |
| Extensión | 212 p |
| Otras características físicas | ilustraciones |
| Dimensiones | 17.5 com |
| 500 ## - NOTA GENERAL | |
| Nota general | Algunas hojas están dañadas de las esquinas |
| 501 ## - NOTA DE "CON" | |
| Nota de “Con” | Licencia superior |
| 505 0# - NOTA DE CONTENIDO CON FORMATO | |
| Nota de contenido con formato | Texto en: italianoDirigido a: psicólogos, doctores, investigadores, pedagogos, psiquiatras Incluye índice temático |
| 650 1# - PUNTO DE ACCESO ADICIONAL DE MATERIA--TÉRMINO DE MATERIA | |
| Fuente del encabezamiento o término | Psicología |
| Término de materia o nombre geográfico como elemento de entrada | Imaginación |
| Subdivisión de forma | Tratados |
| 9 (RLIN) | 28873 |
| 651 2# - PUNTO DE ACCESO ADICIONAL DE MATERIA--NOMBRE GEOGRÁFICO | |
| Fuente del encabezamiento o término | Procesos creativos |
| Nombre geográfico | Imaginación |
| Subdivisión de forma | Invención |
| 9 (RLIN) | 28874 |
| 700 1# - PUNTO DE ACCESO ADICIONAL--NOMBRE DE PERSONA | |
| Código de función/relación | Responsable |
| Nombre de persona | Moderna di Duca |
| Forma completa/desarrollada del nombre | Bibliotecario del Serenissimo SIgnor |
| 9 (RLIN) | 28875 |
| 942 ## - ELEMENTOS DE PUNTO DE ACCESO ADICIONAL (KOHA) | |
| Fuente del sistema de clasificación o colocación | Library of Congress Classification |
| Tipo de ítem Koha | Libros |
| Estado de retiro | Estado de pérdida | Fuente del sistema de clasificación o colocación | Estado dañado | No para préstamo | Código de colección | Localización permanente | Ubicación/localización actual | Fecha de adquisición | Fuente de adquisición | Total de préstamos | Signatura topográfica completa | Código de barras | Fecha visto por última vez | Precio válido a partir de | Tipo de ítem Koha |
|---|---|---|---|---|---|---|---|---|---|---|---|---|---|---|---|
| El ejemplar forma parte de la colección y puede ser consultado según las políticas vigentes. | Library of Congress Classification | Conventual Franz Mayer | Biblioteca del Museo Franz Mayer (Rogerio Casas-Alatriste) | Biblioteca del Museo Franz Mayer (Rogerio Casas-Alatriste) | 19/07/2023 | Donación | LE54 M87 1753 | CFM00507 | 19/07/2023 | 19/07/2023 | Libros |